Implications for investors, managers, auditors, valuers and regulators of discrepancies in commercial valuations (Record no. 18755)

MARC details
000 -LEADER
fixed length control field 01079cab a2200205 4500
001 - CONTROL NUMBER
control field ABS41047
008 - FIXED-LENGTH DATA ELEMENTS--GENERAL INFORMATION
fixed length control field 090401t1989 xxu||||| |||| 00| 0 eng d
035 ## - SYSTEM CONTROL NUMBER
System control number (Sirsi) u27829
041 ## - LANGUAGE CODE
Language code of text/sound track or separate title eng
100 ## - MAIN ENTRY--PERSONAL NAME
Personal name Locke, S.M.
245 ## - TITLE STATEMENT
Title Implications for investors, managers, auditors, valuers and regulators of discrepancies in commercial valuations
260 ## - PUBLICATION, DISTRIBUTION, ETC.
Date of publication, distribution, etc. 1989
350 ## - PRICE (NR) (BK AM CF MU VM SE) [OBSOLETE]
Price 0
490 ## - SERIES STATEMENT
Series statement Land Development Studies
Volume/sequential designation 6(1) 1989, 29-39(11)
520 ## - SUMMARY, ETC.
Summary, etc. The discrepancy between appraised commercial valuation s and market prices is a cause for concern to valuers, investors and others. There is a need to clarify how the potential costs of discrepancy will effect each group. Error metrics relevant to the risk profile of interested parties, are illustrated as a means of quantifying the exposure to which each is subjected. Dialogue and discussion between interested groups is thought to be the best way of overcoming the apparent anomaly. (Journal Abstract)
690 ## - LOCAL SUBJECT ADDED ENTRY--TOPICAL TERM (OCLC, RLIN)
Topical term or geographic name as entry element RATING AND VALUATION
700 ## - ADDED ENTRY--PERSONAL NAME
Personal name Landfield-Smith, K.
942 ## - ADDED ENTRY ELEMENTS (KOHA)
Suppress in OPAC 0
948 ## - LOCAL PROCESSING INFORMATION (OCLC); SERIES PART DESIGNATOR (RLIN)
c (OCLC) 04/03/1997
Holdings
Withdrawn status Lost status Source of classification or shelving scheme Damaged status Not for loan Home library Current library Shelving location Date acquired Total Checkouts Full call number Barcode Date last seen Copy number Price effective from Koha item type
    Dewey Decimal Classification     London London Journal article 14/09/1999   ABS41047 27829-1001 06/08/2019 1 06/08/2019 Journal article